Größte Flüsse Polen-Litauens - Statistiken

Allgemein
  • Dieses Quiz wurde 66 mal gespielt
  • Das Durchschnittsergebnis liegt bei 6 aus 20
Antworten auf der Karte
Die Antworten werden auf der Karte rot bzw. grün angezeigt, abhängig davon wie oft sie richtig erraten wurden.
 
Antwortstatistiken
Fluss Länge % Korrekt
W Weichsel 1047
89%
D Dnjepr 2145
75%
M Memel 937
70%
D Dnister 1352
62%
D Düna 1020
55%
B Bug 772
45%
S Südlicher Bug 857
45%
W Warthe 808
45%
P Prypjat 775
25%
T Theiß 966
21%
P Pruth 953
19%
D Desna 1130
13%
N Neris 510
11%
S Seim 748
11%
B Bjaresina 613
9%
S Sosch 648
8%
P Psel 717
4%
S Styr 494
4%
H Horyn 659
0%
I Inhulez 549
0%
Keine übereinstimmenden Quizze gefunden
Verteilung der Resultate
Anzahl Personen mit jedem Resultat
Perzentil nach korrekt beantworteten Fragen
Ihre Resultats-Entwicklung
Sie haben dieses Quiz noch nicht gespielt